Hayinu ke-ḥolmim. (Record no. 32768)

MARC details
000 -LEADER
fixed length control field 00577cam a22002171 4500
001 - CONTROL NUMBER
control field he 67002295
003 - CONTROL NUMBER IDENTIFIER
control field DLC
005 - DATE AND TIME OF LATEST TRANSACTION
control field 20260227111451.0
008 - FIXED-LENGTH DATA ELEMENTS--GENERAL INFORMATION
fixed length control field 800423s1954 is 000 0 hebr
010 ## - LIBRARY OF CONGRESS CONTROL NUMBER
LC control number he 67002295
035 ## - SYSTEM CONTROL NUMBER
System control number (OCoLC)6234162
040 ## - CATALOGING SOURCE
Original cataloging agency DLC
Transcribing agency NSbSU
Modifying agency NSbSU
-- DLC
042 ## - AUTHENTICATION CODE
Authentication code premarc
050 00 - LIBRARY OF CONGRESS CALL NUMBER
Classification number PJ5053.S3934
Item number H3
100 1# - MAIN ENTRY--PERSONAL NAME
Personal name Shalom, Shin,
Dates associated with a name 1904-
245 10 - TITLE STATEMENT
Title Hayinu ke-ḥolmim.
Remainder of title Shirim
Statement of responsibility, etc. [me'et] S. Shalom.
260 ## - PUBLICATION, DISTRIBUTION, ETC.
Place of publication, distribution, etc. Tel-Aviv,
Name of publisher, distributor, etc. Yavneh
Date of publication, distribution, etc. [1954]
300 ## - PHYSICAL DESCRIPTION
Extent 80 p.
Dimensions 22 cm.
500 ## - GENERAL NOTE
General note In Hebrew characters.
500 ## - GENERAL NOTE
General note Vocalized text.

No items available.

Powered by Koha